00424nam a22001577a 450000500170000001000140001702000280003103500130005903700090007208200060008124500270008726000400011427000680015430000300022270000140025220241209155846.0 a B-761432 a9788181538978c340.00  aB-761432 bGift aS aRainbow Jungle Book/  aDelhi bRainbow Books c2019(repr.) aF-32, Street No.12, Parwana Road, Jagat Puri, b Delhi e110051 a112p.c25cm(Hb)bcol.ill. aAakanksha